| 000 | 00900nam a2200217 a 4500 | ||
|---|---|---|---|
| 005 | 20210219160419.0 | ||
| 008 | 081107s1986 mx r 000 0 spa d | ||
| 035 | _aUPN01000165228 | ||
| 049 | _aUNE | ||
| 080 | _a37.014: 331(438) =20 PEL No.113. | ||
| 100 | 1 | _aPelc, Karol I. | |
| 245 | 1 | 0 |
_aCoordinating the forecasts and policies of technological, employment and educational development experiences in Poland : _ba synthesis of research and practical experiences and a selected annotated bibliography / _cKarol I. Pelc |
| 260 |
_aParis : _bUNESCO, _c1986. |
||
| 300 | _a39 p. | ||
| 440 | 0 | _aReports and Studies; C. 113 | |
| 690 | _aEducacion y empleo- Politica educacional- Polonia | ||
| 690 | _aCambio tecnologico- Educacion y empleo- Polonia | ||
| 690 | _aPolonia- Bibliografias- Educacion y empleo | ||
| 710 | 2 | _aUnesco. Division of Educational Policy and Planning. | |
| 905 | _aUNESCO | ||
| 999 |
_c137340 _d137340 |
||